00253nam a2200097Ia 4500008004100000100000900041245005400050260002700104942000700131999001700138190216s9999||||xx |||||||||||||| ||und|| aNull 0aHindi-Asayi Viswanath Prasad Mithr Abinand Granth bVikas Publishing House cBK c17110d17110